[Event "Bergamo Province-ch"]
[Site "Bergamo"]
[Date "2004.10.29"]
[Round "4"]
[White "Mora, Aldo"]
[Black "Riggio, Mauro"]
[Result "0-1"]
[WhiteElo "1476"]
[BlackElo "1829"]
[PlyCount "68"]
[EventDate "2004.10.08"]
[EventType "swiss"]
[EventRounds "8"]
[EventCountry "ITA"]
[SourceTitle "EXT 2023"]
[Source "ChessBase"]
[SourceDate "2022.10.05"]
[SourceVersion "1"]
[SourceVersionDate "2022.10.05"]
[SourceQuality "1"]

1. e4 e5 2. Bc4 Nf6 3. d3 d5 4. exd5 Nxd5 5. Qf3 c6 6. a3 Bd6 7. Ba2 Be6 8. Nh3 h6 9. Nd2 g5 10. Qh5 Nd7 11. Ne4 N7f6 12. Nxf6+ Nxf6 13. Qe2 Bxa2 14. Rxa2 g4 15. Ng1 Qd7 16. Ra1 0-0-0 17. Be3 c5 18. Rd1 Nd5 19. c4 Nf4 20. Bxf4 exf4 21. Qc2 Rhe8+ 22. Kd2 f3 23. gxf3 gxf3 24. Kc1 Qg4 25. h4 Qg2 26. Nh3 Re2 27. Qa4 Qg7 28. Rd2 Rxd2 29. Kxd2 Qxb2+ 30. Qc2 Qxa3 31. Re1 Qa5+ 32. Qc3 Bc7 33. Kc2 Qxc3+ 34. Kxc3 Ba5+ 0-1

[Event "Bergamo Province-ch"]
[Site "Bergamo"]
[Date "2002.11.22"]
[Round "7"]
[White "Impellizzeri, Francesco"]
[Black "Mora, Aldo"]
[Result "1-0"]
[WhiteElo "1501"]
[BlackElo "1398"]
[PlyCount "69"]
[EventDate "2002.10.04"]
[EventType "swiss"]
[EventRounds "8"]
[EventCountry "ITA"]
[SourceTitle "EXT 2024"]
[Source "ChessBase"]
[SourceDate "2023.10.10"]
[SourceVersion "1"]
[SourceVersionDate "2023.10.10"]
[SourceQuality "1"]

1. c4 e6 2. g3 h6 3. Bg2 Nc6 4. e3 Nf6 5. Ne2 Be7 6. 0-0 0-0 7. d4 Nb8 8. Nbc3 d6 9. a3 a6 10. b4 Nfd7 11. Bb2 Nb6 12. Qb3 N6d7 13. Rfd1 Nc6 14. a4 Na7 15. b5 Rb8 16. Qc2 a5 17. Ba3 b6 18. Ne4 f5 19. Nd2 Bb7 20. Nf4 Rf6 21. Bxb7 Rxb7 22. c5 Nc8 23. c6 Rb8 24. cxd7 Qxd7 25. Rac1 Bd8 26. d5 e5 27. Ne6 Rf7 28. Nf3 Ne7 29. Nxd8 Qxd8 30. Qxc7 Rf6 31. Qxd8+ Rxd8 32. Nxe5 Kh7 33. Nc6 Re8 34. Nxe7 Rxe7 35. Rc6 1-0

[Event "Bergamo Province-ch"]
[Site "Bergamo"]
[Date "2001.11.06"]
[Round "7"]
[White "Mora, Aldo"]
[Black "Cattaneo, Dario"]
[Result "1/2-1/2"]
[WhiteElo "1500"]
[BlackElo "1327"]
[PlyCount "77"]
[EventDate "2001.09.25"]
[EventType "swiss"]
[EventRounds "8"]
[EventCountry "ITA"]
[SourceTitle "EXT 2024"]
[Source "ChessBase"]
[SourceDate "2023.10.10"]
[SourceVersion "1"]
[SourceVersionDate "2023.10.10"]
[SourceQuality "1"]

1. e4 c5 2. a3 e6 3. g3 d5 4. Bg2 dxe4 5. Bxe4 Nf6 6. Bg2 Nc6 7. Nf3 Bd7 8. 0-0 Be7 9. Re1 0-0 10. Nc3 a6 11. Ne4 b5 12. d3 Rc8 13. Ned2 a5 14. Nb1 Qb6 15. Ne5 Nxe5 16. Rxe5 Bd6 17. Re1 h5 18. Nd2 e5 19. Ne4 Bb8 20. Nxf6+ Qxf6 21. Qf3 Qe6 22. Qd5 Qxd5 23. Bxd5 Bf5 24. Be4 Bxe4 25. Rxe4 f5 26. Re2 Rce8 27. Bd2 Bc7 28. Rae1 Re6 29. Kg2 Rfe8 30. Kf1 Kf7 31. b3 g5 32. Kg2 Kf6 33. Kf1 h4 34. Kg2 g4 35. Kf1 Kg6 36. Bf4 Kf6 37. Bd2 Kg6 38. Bf4 Kf6 39. Bd2 1/2-1/2

[Event "Bergamo Province-ch"]
[Site "Bergamo"]
[Date "2001.10.16"]
[Round "4"]
[White "Mora, Lorenzo"]
[Black "Mora, Aldo"]
[Result "1-0"]
[WhiteElo "1500"]
[BlackElo "1500"]
[PlyCount "91"]
[EventDate "2001.09.25"]
[EventType "swiss"]
[EventRounds "8"]
[EventCountry "ITA"]
[SourceTitle "EXT 2024"]
[Source "ChessBase"]
[SourceDate "2023.10.10"]
[SourceVersion "1"]
[SourceVersionDate "2023.10.10"]
[SourceQuality "1"]

1. e4 e5 2. Nf3 Nc6 3. Bc4 h6 4. Nc3 Bc5 5. d3 d6 6. Be3 Bxe3 7. fxe3 Nf6 8. 0-0 0-0 9. d4 exd4 10. exd4 a6 11. e5 dxe5 12. dxe5 Qxd1 13. Raxd1 Nh7 14. Nd5 b5 15. Bb3 Ra7 16. Nf4 Ng5 17. Nxg5 hxg5 18. Ng6 Rd8 19. Rxd8+ Nxd8 20. Ne7+ Kh7 21. Nxc8 Ra8 22. Ne7 c5 23. Rf3 g6 24. c4 Ra7 25. Nd5 b4 26. Nf6+ Kg7 27. Ne8+ Kf8 28. Nd6 Re7 29. Bc2 Re6 30. Be4 Kg8 31. Bd5 Re7 32. Kf2 Kg7 33. Kg3 Rxe5 34. Nxf7 Nxf7 35. Rxf7+ Kh6 36. Kf3 Rf5+ 37. Rxf5 gxf5 38. Bb7 a5 39. a3 Kg6 40. g3 Kf6 41. h4 Kg6 42. hxg5 Kxg5 43. Bc8 Kf6 44. Kf4 Kg6 45. Bxf5+ Kf6 46. g4 1-0